| 000 | 00812nam a2200229 a 4500 | ||
|---|---|---|---|
| 001 | 44380 | ||
| 003 | BD-RjUL | ||
| 005 | 20211209053839.0 | ||
| 008 | 160717s1982 bg a|||| b||| 00| 0 ben d | ||
| 020 | _c: Tk. 60.00 | ||
| 035 | _a(BD-RjUL) 44498 | ||
| 040 |
_aBD-RjUL _bben _cBD-RjUL |
||
| 041 | _aben | ||
| 082 |
_223 _a398 _bMOB 1982 |
||
| 100 | 1 |
_aমনিরুজ্জামান _9136217 |
|
| 245 | 1 | 0 |
_aবাংলাদেশের লোক সংস্কৃতি সন্ধা্ন : _b১৯৪৭-৭১ / _cমনিরুজ্জামান |
| 260 |
_aঢাকা : _bবাঙলা একাডেমী, _c১৯৮২ |
||
| 300 |
_a[১১], ২৫৬ পৃ. ; _c২১ সেমি. |
||
| 650 |
_aফোকলোর _9136218 |
||
| 650 |
_aFolklore _9136219 |
||
| 942 |
_2ddc _cBK |
||
| 999 |
_c44380 _d44380 |
||